| 000 | 01129 a2200205 4500 | ||
|---|---|---|---|
| 020 | _a0471394920 | ||
| 040 |
_aDLC _bDLC |
||
| 100 | 1 | _aChlamtac, Imrich. | |
| 245 | 1 | 0 |
_aWireless and mobile network architectures _cImrich Chlamtac, Jason Yi-Bing Lin. |
| 260 |
_aNew York : _bJohn Wiley, _c2000. |
||
| 300 |
_a532 p. : _bill. |
||
| 500 | _a"Wiley Computer Publishing." | ||
| 520 | 1 | _a"This book gives network engineers and managers a window on the world of wireless and mobile networks, from the enabling technologies and protocols to creating and managing mobile services." "Lin and Chlamtac use a unique sustained example approach to teach you how PCS concepts apply to real network operation. For example, they use location update to illustrate concepts in chapters on network signaling, mobility, security/handoff, and mobile prepaid services."--BK JACKET. | |
| 650 | 0 | _aWireless communication systems. | |
| 650 | 0 | _aMobile communication systems. | |
| 650 | 0 | _aPersonal communication service systems. | |
| 650 | 0 |
_aTelecommunication _xSwitching systems. |
|
| 700 | 1 | _aLin, Jason Yi-Bing. | |
| 942 |
_cBK _k621.3845 LIN _2ddc |
||
| 999 |
_c8342 _d8342 |
||